[Event "Liga Insular Gran Canaria 1a"]
[Site "Las Palmas"]
[Date "2019.03.16"]
[Round "3.2"]
[White "Concepcion Villanueva, Daniel"]
[Black "Garcia Caballero, Luis"]
[Result "1-0"]
[WhiteElo "1792"]
[BlackElo "1692"]
[PlyCount "51"]
[EventDate "2019.03.02"]
[EventType "team-tourn"]
[EventRounds "7"]
[EventCountry "ESP"]
[SourceTitle "EXT 2021"]
[Source "ChessBase"]
[SourceDate "2020.10.23"]
[SourceVersion "1"]
[SourceVersionDate "2020.10.23"]
[SourceQuality "1"]
[WhiteTeam "Sociedad La Montana II"]
[BlackTeam "Villa de Teror II"]
[WhiteTeamCountry "ESP"]
[BlackTeamCountry "ESP"]

1. d4 d5 2. Nf3 e6 3. Bf4 Bd6 4. Bg3 Bxg3 5. hxg3 Nf6 6. e3 b6 7. Nbd2 c5 8. c3 c4 9. Qc2 Nbd7 10. g4 Nf8 11. Ne5 N6d7 12. f4 Nxe5 13. dxe5 Bb7 14. 0-0-0 Qc7 15. Nf3 0-0-0 16. Nd4 Kb8 17. g5 Ng6 18. Be2 Nxe5 19. Rxh7 Rxh7 20. Qxh7 Nd3+ 21. Bxd3 cxd3 22. Qxg7 Qc4 23. Kb1 d2 24. Rxd2 Qc7 25. g6 fxg6 26. Qxc7+ 1-0

[Event "Las Palmas Insular-chT Segunda 1718"]
[Site "Las Palmas"]
[Date "2018.02.03"]
[Round "7.2"]
[White "Moreno Ramos, Aristides"]
[Black "Concepcion Villanueva, Daniel"]
[Result "0-1"]
[WhiteElo "1645"]
[BlackElo "1775"]
[PlyCount "92"]
[EventDate "2017.10.28"]
[EventType "team-swiss"]
[EventRounds "9"]
[EventCountry "ESP"]
[SourceTitle "EXT 2021"]
[Source "ChessBase"]
[SourceDate "2020.10.23"]
[SourceVersion "1"]
[SourceVersionDate "2020.10.23"]
[SourceQuality "1"]
[WhiteTeam "Sociedad La Montana III"]
[BlackTeam "Sociedad La Montana II"]
[WhiteTeamCountry "ESP"]
[BlackTeamCountry "ESP"]

1. c4 Nf6 2. g3 d5 3. cxd5 Nxd5 4. Bg2 c6 5. Nc3 Nf6 6. Nf3 Bf5 7. 0-0 Nbd7 8. d4 h5 9. Nh4 Bg4 10. a3 Nb6 11. h3 Be6 12. e4 Qd7 13. Kh2 0-0-0 14. Be3 Nc4 15. b4 Nxe3 16. fxe3 Bc4 17. Rf2 e5 18. Nf3 exd4 19. exd4 Ng4+ 20. hxg4 hxg4+ 21. Nh4 g5 22. Rf5 gxh4 23. gxh4 Qxd4 24. Qxd4 Rxd4 25. Rd1 Rxd1 26. Nxd1 Be6 27. Rf1 Bd6+ 28. Kg1 g3 29. Rf3 a5 30. bxa5 Bg4 31. Rd3 Bc5+ 32. Kf1 Rd8 33. Nb2 Rxd3 34. Nxd3 Bxa3 35. e5 Be7 36. h5 Bxh5 37. Bh3+ Kc7 38. Kg2 Be2 39. Nf4 Bc4 40. Kxg3 Bb4 41. a6 bxa6 42. e6 a5 43. exf7 Bxf7 44. Nd3 c5 45. Bf5 a4 46. Nc1 Bd2 0-1

[Event "Las Palmas Cabildo op"]
[Site "Las Palmas"]
[Date "2017.03.24"]
[Round "5"]
[White "Concepcion Villanueva, Daniel"]
[Black "Rivero Pena, Gara del Pino"]
[Result "1-0"]
[WhiteElo "1774"]
[BlackElo "1515"]
[PlyCount "47"]
[EventDate "2017.03.10"]
[EventType "swiss"]
[EventRounds "7"]
[EventCountry "ESP"]
[SourceTitle "EXT 2018"]
[Source "ChessBase"]
[SourceDate "2017.10.13"]
[SourceVersion "1"]
[SourceVersionDate "2017.10.13"]
[SourceQuality "1"]

1. d4 e6 2. Nf3 f5 3. Bf4 Nf6 4. e3 Be7 5. h3 0-0 6. Bd3 Nc6 7. c3 d6 8. Nbd2 Qe8 9. g4 Nd5 10. Bh2 Qd8 11. Qc2 Bd7 12. 0-0-0 Bg5 13. Nxg5 Qxg5 14. f4 Qe7 15. Rde1 Rf7 16. e4 fxe4 17. Bxe4 Nf6 18. Bd3 h6 19. f5 Nd8 20. h4 Nxg4 21. fxe6 Nxe6 22. d5 Nf2 23. dxe6 Nxh1 24. exf7+ 1-0

[Event "Las Palmas Cabildo op"]
[Site "Las Palmas"]
[Date "2017.03.17"]
[Round "3"]
[White "Concepcion Villanueva, Daniel"]
[Black "Alonso Valiente, Alexis"]
[Result "0-1"]
[WhiteElo "1774"]
[BlackElo "1941"]
[PlyCount "46"]
[EventDate "2017.03.10"]
[EventType "swiss"]
[EventRounds "7"]
[EventCountry "ESP"]
[SourceTitle "EXT 2018"]
[Source "ChessBase"]
[SourceDate "2017.10.13"]
[SourceVersion "1"]
[SourceVersionDate "2017.10.13"]
[SourceQuality "1"]

1. d4 Nf6 2. Nf3 e6 3. Bf4 c5 4. e3 b6 5. Bd3 Bb7 6. h3 Be7 7. Nbd2 0-0 8. c3 d6 9. 0-0 h6 10. Qc2 Nbd7 11. Rad1 Rc8 12. Ne4 Qc7 13. dxc5 Nxe4 14. Bxe4 Bxe4 15. Qxe4 Nxc5 16. Qc2 Rfd8 17. Nd2 Qc6 18. e4 d5 19. exd5 Rxd5 20. Nb3 Rcd8 21. Nd4 Qd7 22. Qe2 Bf6 23. Qg4 e5 0-1

[Event "Las Palmas Cabildo op"]
[Site "Las Palmas"]
[Date "2017.03.10"]
[Round "1"]
[White "Concepcion Villanueva, Daniel"]
[Black "Moreno Diepa, Diego"]
[Result "1-0"]
[WhiteElo "1774"]
[BlackElo "1218"]
[PlyCount "53"]
[EventDate "2017.03.10"]
[EventType "swiss"]
[EventRounds "7"]
[EventCountry "ESP"]
[SourceTitle "EXT 2018"]
[Source "ChessBase"]
[SourceDate "2017.10.13"]
[SourceVersion "1"]
[SourceVersionDate "2017.10.13"]
[SourceQuality "1"]

1. e4 e6 2. d4 d5 3. exd5 exd5 4. Bd3 c5 5. dxc5 Bxc5 6. Nf3 h6 7. 0-0 Nf6 8. Bf4 0-0 9. c3 a5 10. Nbd2 Bg4 11. Qc2 Nc6 12. h3 Be6 13. Nb3 Bd6 14. Bxd6 Qxd6 15. Rad1 Qf4 16. Nbd4 Nxd4 17. Nxd4 Qg5 18. Bf5 Bxf5 19. Qxf5 Qxf5 20. Nxf5 Rfe8 21. Rd2 Rad8 22. Rfd1 Re5 23. Ne3 b5 24. c4 bxc4 25. Nxc4 Ra8 26. Nxe5 Re8 27. Ng4 1-0

[Event "Las Palmas Insular-chT Primera-B 1617"]
[Site "Las Palmas"]
[Date "2017.02.18"]
[Round "11.3"]
[White "Mesa Cabrera, Jonathan"]
[Black "Concepcion Villanueva, Daniel"]
[Result "0-1"]
[WhiteElo "1764"]
[BlackElo "1769"]
[PlyCount "78"]
[EventDate "2016.10.22"]
[EventType "team-tourn"]
[EventRounds "14"]
[EventCountry "ESP"]
[SourceTitle "EXT 2018"]
[Source "ChessBase"]
[SourceDate "2017.10.13"]
[SourceVersion "1"]
[SourceVersionDate "2017.10.13"]
[SourceQuality "1"]
[WhiteTeam "Telde Los Llanos"]
[BlackTeam "Sociedad La Montana"]
[WhiteTeamCountry "ESP"]
[BlackTeamCountry "ESP"]

1. e4 e6 2. d4 d5 3. exd5 exd5 4. Bd3 Bd6 5. Ne2 Ne7 6. 0-0 Nbc6 7. c3 Bf5 8. Bf4 Bxf4 9. Nxf4 Qd6 10. Bxf5 Nxf5 11. Re1+ Nfe7 12. Qg4 0-0 13. Nd2 Ng6 14. Nxg6 hxg6 15. f4 Rae8 16. f5 Ne7 17. fxg6 Nxg6 18. g3 f5 19. Qf3 f4 20. Rxe8 Rxe8 21. gxf4 Nxf4 22. Rf1 Re2 23. Qxf4 Qxf4 24. Rxf4 Rxd2 25. Rf2 Rd1+ 26. Kg2 b5 27. a3 a5 28. Re2 b4 29. axb4 axb4 30. Rc2 b3 31. Re2 Kf7 32. Kf3 Rc1 33. Ke3 Rf1 34. Rf2+ Rxf2 35. Kxf2 Kf6 36. Kf3 Kf5 37. h4 c6 38. h5 Kg5 39. h6 gxh6 0-1

[Event "Las Palmas Insular-chT Primera-B 1617"]
[Site "Las Palmas"]
[Date "2017.02.04"]
[Round "10.3"]
[White "Concepcion Villanueva, Daniel"]
[Black "Garcia Caballero, Luis"]
[Result "1-0"]
[WhiteElo "1769"]
[BlackElo "1786"]
[PlyCount "97"]
[EventDate "2016.10.22"]
[EventType "team-tourn"]
[EventRounds "14"]
[EventCountry "ESP"]
[SourceTitle "EXT 2018"]
[Source "ChessBase"]
[SourceDate "2017.10.13"]
[SourceVersion "1"]
[SourceVersionDate "2017.10.13"]
[SourceQuality "1"]
[WhiteTeam "Sociedad La Montana"]
[BlackTeam "Drago de Sataute Centro Goya III"]
[WhiteTeamCountry "ESP"]
[BlackTeamCountry "ESP"]

1. e4 e5 2. f4 exf4 3. Bc4 Qh4+ 4. Kf1 b6 5. Nf3 Qe7 6. Nc3 Ba6 7. Qe2 Bxc4 8. Qxc4 Qc5 9. Qxc5 Bxc5 10. d4 Be7 11. Nd5 Na6 12. Bxf4 Nf6 13. Re1 Nxd5 14. exd5 d6 15. c3 Kd7 16. Ke2 Rae8 17. Kd3 h6 18. Re2 g5 19. Bg3 f5 20. Rhe1 h5 21. Re6 h4 22. Bf2 Rhg8 23. Rh6 Rg7 24. Ree6 Reg8 25. b4 b5 26. Ne5+ dxe5 27. Rxa6 e4+ 28. Ke2 Bd6 29. h3 Ra8 30. Rf6 f4 31. Re6 e3 32. Be1 Rgg8 33. a4 bxa4 34. c4 g4 35. hxg4 Rxg4 36. Kf3 Rag8 37. c5 Be7 38. c6+ Ke8 39. Rxa7 Rxg2 40. Bxh4 R2g3+ 41. Ke4 R3g7 42. Ra8+ Kf7 43. Rxe7+ Kg6 44. Rxg8 Rxg8 45. Kxf4 Ra8 46. Rxe3 a3 47. Re1 a2 48. Ra1 Ra3 49. Bd8 1-0

[Event "Las Palmas Insular-chT Primera-B 1617"]
[Site "Las Palmas"]
[Date "2016.11.19"]
[Round "5.4"]
[White "Concepcion Villanueva, Daniel"]
[Black "Ramirez Maillo, Cristian"]
[Result "1/2-1/2"]
[WhiteElo "1769"]
[BlackElo "1818"]
[PlyCount "57"]
[EventDate "2016.10.22"]
[EventType "team-tourn"]
[EventRounds "14"]
[EventCountry "ESP"]
[SourceTitle "EXT 2018"]
[Source "ChessBase"]
[SourceDate "2017.10.13"]
[SourceVersion "1"]
[SourceVersionDate "2017.10.13"]
[SourceQuality "1"]
[WhiteTeam "Sociedad La Montana"]
[BlackTeam "Fundacion La Caja de Canarias II"]
[WhiteTeamCountry "ESP"]
[BlackTeamCountry "ESP"]

1. e4 c5 2. Nf3 Nc6 3. d4 cxd4 4. Nxd4 g6 5. Be3 Bg7 6. Nc3 Nf6 7. Qd2 Ng4 8. Nxc6 bxc6 9. Bd4 Nf6 10. g4 0-0 11. Be2 d5 12. 0-0-0 Be6 13. exd5 cxd5 14. g5 Ne4 15. Nxe4 Bxd4 16. Qxd4 dxe4 17. Bc4 Bf5 18. Qe5 Qb6 19. Rd4 e6 20. Rhd1 Rfd8 21. Qf6 Rxd4 22. Rxd4 Qa5 23. c3 Qc7 24. b3 Rf8 25. Kb2 Qxh2 26. Rd8 Qxf2+ 27. Kc1 Qe3+ 28. Kb2 Qc5 29. b4 1/2-1/2

[Event "Las Palmas Insular-chT Primera-B 1617"]
[Site "Las Palmas"]
[Date "2016.11.12"]
[Round "4.3"]
[White "Concepcion Villanueva, Daniel"]
[Black "Suarez Buceta, Melquiades"]
[Result "0-1"]
[WhiteElo "1769"]
[BlackElo "1810"]
[PlyCount "56"]
[EventDate "2016.10.22"]
[EventType "team-tourn"]
[EventRounds "14"]
[EventCountry "ESP"]
[SourceTitle "EXT 2018"]
[Source "ChessBase"]
[SourceDate "2017.10.13"]
[SourceVersion "1"]
[SourceVersionDate "2017.10.13"]
[SourceQuality "1"]
[WhiteTeam "Sociedad La Montana"]
[BlackTeam "Telde Los Llanos"]
[WhiteTeamCountry "ESP"]
[BlackTeamCountry "ESP"]

1. e4 e6 2. d4 d5 3. Nd2 Nf6 4. e5 Nfd7 5. Bd3 c5 6. c3 Nc6 7. Ne2 Be7 8. Nf3 0-0 9. 0-0 cxd4 10. cxd4 f6 11. exf6 Nxf6 12. Ne5 Nxe5 13. dxe5 Nd7 14. Nf4 Nxe5 15. Bb1 g6 16. Re1 Bf6 17. h4 Bg7 18. h5 Qf6 19. Qc2 Bd7 20. hxg6 Nxg6 21. Nh5 Qf7 22. Nxg7 Qxg7 23. f3 Nh4 24. Kh2 Rxf3 25. Bg5 Qxg5 26. Qxh7+ Kf8 27. Qh8+ Ke7 28. Qh7+ Rf7 0-1

[Event "Gran Canaria Galdos op 1st"]
[Site "Gran Canaria"]
[Date "2016.04.27"]
[Round "2"]
[White "Concepcion Villanueva, Daniel"]
[Black "Guerra Aleman, Marcial"]
[Result "1-0"]
[WhiteElo "1851"]
[BlackElo "1661"]
[PlyCount "57"]
[EventDate "2016.04.26"]
[EventType "swiss"]
[EventRounds "6"]
[EventCountry "ESP"]
[SourceTitle "CBM 172 Extra"]
[Source "ChessBase"]
[SourceDate "2016.06.21"]
[SourceVersion "1"]
[SourceVersionDate "2016.06.21"]
[SourceQuality "1"]

1. e4 e6 2. d4 d5 3. Nd2 Nf6 4. e5 Nfd7 5. Bd3 c5 6. c3 Qb6 7. Ndf3 Nc6 8. Ne2 f6 9. exf6 Nxf6 10. 0-0 cxd4 11. cxd4 Bd6 12. Bd2 0-0 13. Rc1 Ng4 14. h3 Rxf3 15. gxf3 Nh2 16. Bc3 Qd8 17. Ng3 Nxf1 18. Qxf1 Qh4 19. Qg2 Nxd4 20. Rd1 Be5 21. f4 Qxf4 22. Bxd4 Bxd4 23. Ne2 Qxf2+ 24. Qxf2 Bxf2+ 25. Kxf2 e5 26. Kg3 Be6 27. Re1 Rf8 28. Nd4 e4 29. Bxe4 1-0

[Event "Las Palmas Montalvo Memorial 09th"]
[Site "Las Palmas"]
[Date "2016.03.22"]
[Round "2"]
[White "Concepcion Villanueva, Daniel"]
[Black "Aranaz Murillo, Amalia"]
[Result "0-1"]
[WhiteElo "1752"]
[BlackElo "2253"]
[PlyCount "30"]
[EventDate "2016.03.21"]
[EventType "swiss"]
[EventRounds "9"]
[EventCountry "ESP"]
[SourceTitle "EXT 2018"]
[Source "ChessBase"]
[SourceDate "2017.10.13"]
[SourceVersion "1"]
[SourceVersionDate "2017.10.13"]
[SourceQuality "1"]

1. e4 c6 2. d4 d5 3. Nc3 dxe4 4. Nxe4 Bf5 5. Ng3 Bg6 6. Nf3 e6 7. Ne5 Nd7 8. Bf4 Ngf6 9. c3 Nd5 10. Nxg6 hxg6 11. Qd2 N7f6 12. Be2 Nxf4 13. Qxf4 Bd6 14. Qe3 Qc7 15. 0-0-0 Bf4 0-1

[Event "Las Palmas Insular-chT Pref"]
[Site "Las Palmas "]
[Date "2016.03.05"]
[Round "13.2"]
[White "Marrero Cardenes, Agustin"]
[Black "Concepcion Villanueva, Daniel"]
[Result "0-1"]
[WhiteElo "2029"]
[BlackElo "1752"]
[PlyCount "78"]
[EventDate "2015.10.17"]
[EventType "team-tourn"]
[EventRounds "14"]
[EventCountry "ESP"]
[SourceTitle "EXT 2017"]
[Source "ChessBase"]
[SourceDate "2016.10.25"]
[SourceVersion "1"]
[SourceVersionDate "2016.10.25"]
[SourceQuality "1"]
[WhiteTeam "Real Club Victoria"]
[BlackTeam "Sociedad La Montana"]
[WhiteTeamCountry "ESP"]
[BlackTeamCountry "ESP"]

1. d4 c5 2. c3 e6 3. Nf3 Nc6 4. g3 b6 5. Bg2 Nge7 6. 0-0 Bb7 7. e4 cxd4 8. cxd4 d5 9. e5 Nf5 10. Nc3 Ba6 11. Re1 Qd7 12. g4 Nfe7 13. Qa4 Na5 14. Qd1 h5 15. Ng5 hxg4 16. Qxg4 Nf5 17. Nxd5 Rh4 18. Qf3 Bb7 19. Qxf5 exf5 20. e6 Qd6 21. exf7+ Kd7 22. Nf3 Rg4 23. Ne5+ Kc8 24. Nxg4 Bxd5 25. Re8+ Kb7 26. Bf4 Qd7 27. Ne5 Qb5 28. Rc1 Bxg2 29. Rxa8 Kxa8 30. Kxg2 Qd5+ 31. Kg1 Kb7 32. Ng6 Nc6 33. Nxf8 Qxf7 34. Nh7 Qg6+ 35. Ng5 Nxd4 36. Kf1 Ne6 37. Nxe6 Qxe6 38. Rc7+ Ka6 39. Rxg7 Qc4+ 0-1

[Event "Gran Canaria Cabildo op"]
[Site "Gran Canaria"]
[Date "2016.03.01"]
[Round "5"]
[White "Suarez Pazos, Alberto"]
[Black "Concepcion Villanueva, Daniel"]
[Result "0-1"]
[WhiteElo "1679"]
[BlackElo "1759"]
[PlyCount "66"]
[EventDate "2016.02.16"]
[EventType "swiss"]
[EventRounds "9"]
[EventCountry "ESP"]
[SourceTitle "CBM 171 Extra"]
[Source "ChessBase"]
[SourceDate "2016.04.26"]
[SourceVersion "1"]
[SourceVersionDate "2016.04.26"]
[SourceQuality "1"]

1. f4 e5 2. fxe5 d6 3. exd6 Bxd6 4. Nf3 g5 5. g3 Nc6 6. d4 g4 7. Nh4 Be7 8. d5 Nb4 9. c4 Bd7 10. a3 Na6 11. Ng2 Nc5 12. Nc3 Nf6 13. Bg5 h6 14. Bh4 Bf5 15. Ne3 Bg6 16. Bg2 h5 17. b4 Nfe4 18. Bxe7 Qxe7 19. Qd4 Nb3 20. Qxh8+ Kd7 21. Qg7 Rg8 22. d6 cxd6 23. Qxg8 Nxc3 24. Bxb7 Qxe3 25. Qc8+ Ke7 26. Qc7+ Kf8 27. Qxd6+ Kg7 28. Ra2 Nxa2 29. Rf1 Nac1 30. Qf6+ Kh7 31. Rf2 Nd3+ 32. Kf1 Nd2+ 33. Kg1 Nf3+ 0-1

[Event "Gran Canaria Cabildo op"]
[Site "Gran Canaria"]
[Date "2016.02.26"]
[Round "4"]
[White "Concepcion Villanueva, Daniel"]
[Black "Cruz Pino, Adrian"]
[Result "0-1"]
[WhiteElo "1759"]
[BlackElo "2104"]
[PlyCount "68"]
[EventDate "2016.02.16"]
[EventType "swiss"]
[EventRounds "9"]
[EventCountry "ESP"]
[SourceTitle "CBM 171 Extra"]
[Source "ChessBase"]
[SourceDate "2016.04.26"]
[SourceVersion "1"]
[SourceVersionDate "2016.04.26"]
[SourceQuality "1"]

1. e4 c5 2. Nf3 d6 3. d4 cxd4 4. Nxd4 Nf6 5. Nc3 a6 6. Bg5 e6 7. Bd3 Be7 8. f4 Nbd7 9. f5 Ne5 10. Nf3 Nc6 11. Qe2 Qa5 12. 0-0-0 Bd7 13. Bc4 0-0-0 14. Bd2 Qc7 15. Ng5 exf5 16. Nxf7 Ne5 17. exf5 Qxc4 18. Qxc4+ Nxc4 19. Nxh8 Rxh8 20. Rhe1 Bd8 21. Bg5 Bxf5 22. Rd4 Ne5 23. Rxd6 Nf7 24. Bxf6 Nxd6 25. Bxg7 Rg8 26. Be5 Re8 27. Bg3 Rxe1+ 28. Bxe1 Ba5 29. b3 Kd7 30. Kb2 Nb5 31. a3 Nxc3 32. Bxc3 Bc7 33. g3 Ke6 34. Bd2 Kd5 0-1

[Event "Las Palmas Insular-chT Pref"]
[Site "Las Palmas "]
[Date "2016.01.16"]
[Round "9.2"]
[White "Concepcion Villanueva, Daniel"]
[Black "Solana Suarez, Ernesto"]
[Result "0-1"]
[WhiteElo "1759"]
[BlackElo "2316"]
[PlyCount "56"]
[EventDate "2015.10.17"]
[EventType "team-tourn"]
[EventRounds "14"]
[EventCountry "ESP"]
[SourceTitle "CBM 170 Extra"]
[Source "ChessBase"]
[SourceDate "2016.02.25"]
[SourceVersion "1"]
[SourceVersionDate "2016.02.25"]
[SourceQuality "1"]
[WhiteTeam "Sociedad La Montana"]
[BlackTeam "Goya Villa de Teror"]
[WhiteTeamCountry "ESP"]
[BlackTeamCountry "ESP"]

1. e4 c5 2. Nf3 e6 3. d4 cxd4 4. Nxd4 Nc6 5. Nc3 Qc7 6. f4 a6 7. Be3 b5 8. Bd3 Bb7 9. 0-0 Bc5 10. Nce2 Nf6 11. c3 Ng4 12. Bd2 e5 13. fxe5 Ncxe5 14. Bf4 g5 15. Bxg5 Nxd3 16. Ng3 h6 17. Qxg4 hxg5 18. Qxg5 Qe5 19. Qd2 Bxd4+ 20. cxd4 Qxd4+ 21. Kh1 0-0-0 22. Rac1+ Kb8 23. Rc3 Rxh2+ 24. Kxh2 Rh8+ 25. Nh5 Rxh5+ 26. Kg3 Qg7+ 27. Kf3 Rf5+ 28. Ke3 Qg5+ 0-1

[Event "Las Palmas Insular-chT Pref"]
[Site "Las Palmas "]
[Date "2015.11.14"]
[Round "3.3"]
[White "Camino Carrio, Nicanor"]
[Black "Concepcion Villanueva, Daniel"]
[Result "1-0"]
[WhiteElo "1984"]
[BlackElo "1775"]
[PlyCount "57"]
[EventDate "2015.10.17"]
[EventType "team-tourn"]
[EventRounds "14"]
[EventCountry "ESP"]
[SourceTitle "CBM 170 Extra"]
[Source "ChessBase"]
[SourceDate "2016.02.25"]
[SourceVersion "1"]
[SourceVersionDate "2016.02.25"]
[SourceQuality "1"]
[WhiteTeam "Piscolabis Oleaje San Andres"]
[BlackTeam "Sociedad La Montana"]
[WhiteTeamCountry "ESP"]
[BlackTeamCountry "ESP"]

1. e4 g6 2. d4 Bg7 3. Nc3 d6 4. Be3 Nf6 5. Qd2 Ng4 6. Bg5 h6 7. Bh4 Nc6 8. Bb5 Bd7 9. f3 Nf6 10. Nge2 a6 11. Bxc6 Bxc6 12. Bf2 e5 13. 0-0-0 Qe7 14. g4 h5 15. h3 Nh7 16. Be3 Nf8 17. Kb1 0-0-0 18. d5 Bd7 19. Nc1 f5 20. gxf5 gxf5 21. Rdg1 Bf6 22. Nb3 f4 23. Bf2 Bh4 24. Qe1 Bxf2 25. Qxf2 h4 26. Qa7 c5 27. Na5 Bb5 28. Nxb5 axb5 29. Rg7 1-0